000 00487nam a2200181Ia 4500
008 090123s9999 xx 000 0 und d
082 _b1597
_a891.463/राजे
100 _aराजे शैलजा
245 _aअंकुर
250 _a1
260 _bप्रभाकर मु.
300 _a133
600 _aराजे शैलजा
630 _aअंकुर
700 _aराजे शैलजा
730 _aअंकुर
942 _cBOOK
999 _c39680
_d39680